000 00334nam a22001457a 4500
008 211012b ||||| |||| 00| 0 eng d
020 _a9780256123722
041 _aeng
080 _29th
_a330.722.6
082 _a330.722.6
100 _a61
101 _aKF
245 _aAccounting: Text and Cases
_cAnthony,R.N
942 _2udc
_cBK
999 _c58173
_d58173